Statistics for MLB Baseball Best Paid Player 2023

Click here to take the quiz!

General Stats

  • This quiz has been taken 129 times
  • The average score is 14 of 30

Answer Stats

TeamPlayer% Correct
New York YankeesAaron Judge
79%
Philadelphia PhilliesBryce Harper
76%
New York MetsMax Scherzer/Justin Verlander
73%
Los Angeles DodgersFreddie Freeman
69%
Atlanta BravesMatt Olson
68%
Milwaukee BrewersChristian Yelich
61%
Texas RangersCorey Seager
60%
Los Angeles AngelsAnthony Rendon
59%
Boston Red SoxChris Sale
59%
Cincinnati RedsJoey Votto
59%
St. Louis CardinalsNolan Arenado
59%
Minnesota TwinsCarlos Correa
58%
Houston AstrosAlex Bregman
51%
Detroit TigersMiguel Cabrera
49%
Arizona DiamondbacksMadison Bumgarner
48%
Colorado RockiesKris Bryant
46%
Kansas City RoyalsSalvador Perez
46%
Cleveland GuardiansJosh Bell
44%
San Diego PadresXander Bogaerts
44%
Toronto Blue JaysGeorge Springer
40%
Chicago CubsMarcus Stroman
38%
Washington NationalsStephen Strasburg
35%
Chicago White SoxLance Lynn
30%
Seattle MarinersRobbie Ray
28%
San Francisco GiantsJoc Pederson
23%
Pittsburgh PiratesKe'Bryan Hayes
23%
Miami MarlinsJorge Soler
21%
Oakland AthleticsTrevor May
6%
Tampa Bay RaysZach Eflin
6%
Baltimore OriolesJames McCann
5%

Score Distribution

Percentile by Number Answered

Percent of People with Each Score

Your Score History

You have not taken this quiz